| 000 | 00540nam a2200205Ia 4500 | ||
|---|---|---|---|
| 005 | 20260429112054.0 | ||
| 008 | 260429s9999||||xx |||||||||||||| ||und|| | ||
| 020 | _a9781493961795 | ||
| 041 | _aEnglish | ||
| 082 |
_a571.2 _bPOP |
||
| 100 | _aPopper, Zoe A | ||
| 245 | 0 |
_aPlant cell wall : _bmethods and protocols / _cZoe A Popper |
|
| 250 | _a1st ed. | ||
| 260 |
_aLondon : _bHumana Press, _c2011. |
||
| 300 | _axiii, 310 p.; hb | ||
| 650 | _a Botany | ||
| 650 | _a Laboratory methods | ||
| 650 | _aPlant cell walls | ||
| 942 | _cTB | ||
| 999 |
_c52200 _d52200 |
||